000 00645nam a2200217 i 4500
001 93923
003 ES-MaACL
005 20230906181339.0
007 t|
008 050422s1985 sp ||||1| spa d
020 _a84-206-2420-9
100 1 _aLópez Piñero, José María.
_973895
245 1 0 _aOrígenes históricos del concepto de neurosis /
_cJosé María López Piñero.
260 _aMadrid :
_bAlianza,
_c1985.
300 _a150 p. ;
_c20 cm.
490 1 _aAlianza universidad ;
_v420
504 _aBibliografía.
830 0 _aAlianza universidad ;
_v420
_9177276
852 _aES-MaACL
_jL-8261
_bR.108471
999 _c93923
_d93923